Ensayos y monografías sobre el derecho procesal penal dominicano / (Registro nro. 13236)
[ vista simple ]
| 000 -CABECERA | |
|---|---|
| campo de control de longitud fija | 00566nam a2200145 a 4500 |
| 001 - NÚMERO DE CONTROL | |
| campo de control | 000013622 |
| 005 - FECHA Y HORA DE LA ÚLTIMA TRANSACCIÓN | |
| campo de control | 20251120073732.0 |
| 008 - DATOS DE LONGITUD FIJA--INFORMACIÓN GENERAL | |
| campo de control de longitud fija | 091126s2006 dr 000 0 spa d |
| 040 ## - FUENTE DE LA CATALOGACIÓN | |
| Centro catalogador/agencia de origen | DO-SdBNP |
| Lengua de catalogación | spa |
| Centro/agencia transcriptor | BNPHU |
| 245 00 - MENCIÓN DE TÍTULO | |
| Título | Ensayos y monografías sobre el derecho procesal penal dominicano / |
| Mención de responsabilidad, etc. | Ensayista y coordinador José Alberto Cruceta. |
| 260 ## - PUBLICACIÓN, DISTRIBUCIÓN, ETC. | |
| Lugar de publicación, distribución, etc. | Santo Domingo : |
| Nombre del editor, distribuidor, etc. | Pontificia Universidad Madre y Maestra (PUCMM). |
| 300 ## - DESCRIPCIÓN FÍSICA | |
| Extensión | 337 p. ; |
| Dimensiones | 24 cm. |
| 500 ## - NOTA GENERAL | |
| Nota general | Icluye notas al pie de las páginas |
| 710 2# - PUNTO DE ACCESO ADICIONAL--NOMBRE DE ENTIDAD CORPORATIVA | |
| Nombre de entidad corporativa o nombre de jurisdicción como elemento de entrada | Pontificia Universidad Católica Madre y Maestra |
| 9 (RLIN) | 843 |
| Estado de retiro | Estado de pérdida | No para préstamo | Código de colección | Localización permanente | Ubicación/localización actual | Ubicación en estantería | Fecha de adquisición | Número de inventario | Total de préstamos | Signatura topográfica completa | Código de barras | Fecha visto por última vez | Precio válido a partir de | Tipo de ítem Koha |
|---|---|---|---|---|---|---|---|---|---|---|---|---|---|---|
| Excluido de préstamo | Patrimonio Dominicano | General | General | Depósito | 21.10.2013 | LF1 | 13622-40 | 25.06.2020 | 25.06.2020 | Libro y Folleto Colección Patrimonio Dominicano |
